[Event "Mittelfranken Landesliga Sued 2122"]
[Site "Mittelfranken"]
[Date "2022.05.08"]
[Round "8.8"]
[White "Gradwohl, Manfred"]
[Black "Steinheimer, Juergen"]
[Result "0-1"]
[WhiteElo "1995"]
[BlackElo "2059"]
[PlyCount "74"]
[EventDate "2021.10.24"]
[EventType "team-tourn"]
[EventRounds "9"]
[EventCountry "GER"]
[SourceTitle "EXT 2024"]
[Source "ChessBase"]
[SourceDate "2023.10.10"]
[SourceVersion "1"]
[SourceVersionDate "2023.10.10"]
[SourceQuality "1"]
[WhiteTeam "Garching II"]
[BlackTeam "Muenchen Tarrasch"]
[WhiteTeamCountry "GER"]
[BlackTeamCountry "GER"]

1. d4 c5 2. dxc5 e6 3. Nc3 Bxc5 4. Ne4 Nf6 5. Nxc5 Qa5+ 6. c3 Qxc5 7. Bf4 d5 8. e3 Nc6 9. Nf3 0-0 10. Be2 Re8 11. Ne5 Nd7 12. Nxd7 Bxd7 13. 0-0 e5 14. Bg3 Rad8 15. Qc2 h6 16. Bd3 e4 17. Be2 d4 18. exd4 Nxd4 19. Qd2 Nxe2+ 20. Qxe2 Bb5 21. c4 Bxc4 22. Rfc1 Bxe2 23. Rxc5 Rd2 24. Be5 b6 25. Bc3 Rd7 26. Re5 Rxe5 27. Bxe5 f6 28. Bc3 f5 29. Re1 Bd1 30. h3 Kf7 31. g4 Kg6 32. Kh2 Kg5 33. gxf5 Kxf5 34. Kg3 g5 35. h4 Bf3 36. Re3 gxh4+ 37. Kxh4 Kf4 0-1

[Event "Landesliga Sued 1819"]
[Site "Bayern"]
[Date "2019.02.24"]
[Round "7.3"]
[White "Bensch, Patrick"]
[Black "Steinheimer, Juergen"]
[Result "1-0"]
[WhiteElo "2169"]
[BlackElo "2037"]
[PlyCount "85"]
[EventDate "2018.10.21"]
[EventType "team-tourn"]
[EventRounds "9"]
[EventCountry "GER"]
[SourceTitle "EXT 2022"]
[Source "ChessBase"]
[SourceDate "2021.10.06"]
[SourceVersion "1"]
[SourceVersionDate "2021.10.06"]
[SourceQuality "1"]
[WhiteTeam "Rottal Inn"]
[BlackTeam "Muenchen Tarrasch"]
[WhiteTeamCountry "GER"]
[BlackTeamCountry "GER"]

1. e4 e6 2. d4 d5 3. Nc3 Nf6 4. e5 Nfd7 5. f4 c5 6. Nf3 Nc6 7. Be3 a6 8. Qd2 b5 9. a3 Qa5 10. Ra2 Qb6 11. Nd1 b4 12. axb4 Nxb4 13. Ra1 Nc6 14. c3 cxd4 15. Nxd4 Nxd4 16. Bxd4 Bc5 17. Bxc5 Nxc5 18. Qe3 Qc7 19. b4 Nd7 20. Be2 0-0 21. 0-0 Bb7 22. Nb2 Rfc8 23. Rfc1 a5 24. b5 Nc5 25. Bd1 Qd7 26. Na4 Nxa4 27. Bxa4 Rc4 28. Bc2 d4 29. Qd3 Qd5 30. Qxh7+ Kf8 31. Qh8+ Ke7 32. Qxg7 d3 33. Qg5+ Kf8 34. Qh6+ Ke8 35. Qg5 Qc5+ 36. Kh1 dxc2 37. Rxc2 Bd5 38. f5 a4 39. fxe6 Bxe6 40. Rd2 Qb6 41. Qg8+ Ke7 42. Qxa8 Qc7 43. Qh8 1-0

[Event "Regionalliga Sued-Ost 1718"]
[Site "Bayern"]
[Date "2018.02.04"]
[Round "6.4"]
[White "Stinka, Jakub"]
[Black "Steinheimer, Juergen"]
[Result "0-1"]
[WhiteElo "2033"]
[BlackElo "2023"]
[PlyCount "108"]
[EventDate "2017.10.22"]
[EventType "team-tourn"]
[EventRounds "9"]
[EventCountry "GER"]
[SourceTitle "EXT 2022"]
[Source "ChessBase"]
[SourceDate "2021.10.06"]
[SourceVersion "1"]
[SourceVersionDate "2021.10.06"]
[SourceQuality "1"]
[WhiteTeam "Bayerwald Regen/Zwiesel"]
[BlackTeam "Graefelfing SK"]
[WhiteTeamCountry "GER"]
[BlackTeamCountry "GER"]

1. e4 e6 2. d4 d5 3. Nd2 c5 4. Ngf3 cxd4 5. Nxd4 Nc6 6. Nxc6 bxc6 7. Bd3 Nf6 8. Qe2 Be7 9. e5 Nd7 10. c3 Qc7 11. Nf3 a5 12. h4 Nc5 13. Bc2 Ba6 14. Qe3 Nd7 15. Rh3 h6 16. h5 Bg5 17. Nxg5 hxg5 18. Qxg5 Qxe5+ 19. Qxe5 Nxe5 20. Bf4 Nd7 21. Bd6 Nf6 22. 0-0-0 Rxh5 23. Rxh5 Nxh5 24. Bc7 Kd7 25. Bb6 Nf6 26. Rd4 Bf1 27. g3 Ra6 28. Bc5 Ra8 29. Rh4 Kc7 30. Bd4 Kd6 31. f4 Ne4 32. Bxe4 dxe4 33. Rh7 Rg8 34. Rh5 f5 35. Kd2 a4 36. Rh7 Bc4 37. Bxg7 Bxa2 38. Be5+ Kc5 39. Bd4+ Kd6 40. Be5+ Kc5 41. Bd4+ Kc4 42. Ra7 Bb3 43. Ra5 e3+ 44. Kxe3 Rxg3+ 45. Kf2 Rh3 46. Kg2 Rh4 47. Rc5+ Kd3 48. Be5 Bd5+ 49. Kg3 Rg4+ 50. Kh3 Ke3 51. Ra5 Bg2+ 52. Kh2 Kf3 53. Bf6 Rg6 54. Bg5 Rg7 0-1

[Event "Oberbayern-ch"]
[Site "Hochstaett am Inn"]
[Date "2017.05.28"]
[Round "1.7"]
[White "Steinheimer, Juergen"]
[Black "Ott, Josef Sebastian"]
[Result "0-1"]
[WhiteElo "2059"]
[BlackElo "1852"]
[PlyCount "58"]
[EventDate "2017.05.28"]
[EventType "swiss"]
[EventRounds "7"]
[EventCountry "GER"]
[SourceTitle "EXT 2022"]
[Source "ChessBase"]
[SourceDate "2021.10.06"]
[SourceVersion "1"]
[SourceVersionDate "2021.10.06"]
[SourceQuality "1"]

1. d4 Nf6 2. Bg5 e6 3. Nd2 c5 4. e4 cxd4 5. e5 Qa5 6. Ngf3 Ng4 7. Bf4 Nc6 8. Qe2 Bb4 9. a3 Ngxe5 10. 0-0-0 Nxf3 11. Nc4 Qa4 12. Qxf3 d5 13. Nd6+ Bxd6 14. Bxd6 Kd7 15. Qg3 Re8 16. Bc5 Rg8 17. Qd6+ Ke8 18. Rxd4 Qa5 19. Rd1 Bd7 20. Kb1 Rc8 21. c4 b6 22. Be3 Ne7 23. cxd5 Nxd5 24. Bd4 Ba4 25. b4 Bc2+ 26. Kb2 Qa4 27. Rd3 Bd1 28. Rc3 Nxc3 29. Bxc3 Qc2+ 0-1

[Event "Regionalliga SO 1516"]
[Site "Bayern"]
[Date "2016.01.31"]
[Round "6.6"]
[White "Froeschle, Andreas"]
[Black "Steinheimer, Juergen"]
[Result "1/2-1/2"]
[WhiteElo "1959"]
[BlackElo "2035"]
[PlyCount "85"]
[EventDate "2015.10.11"]
[EventType "team-tourn"]
[EventRounds "9"]
[EventCountry "GER"]
[SourceTitle "EXT 2018"]
[Source "ChessBase"]
[SourceDate "2017.10.13"]
[SourceVersion "1"]
[SourceVersionDate "2017.10.13"]
[SourceQuality "1"]
[WhiteTeam "Ilmmuenster"]
[BlackTeam "Graefelfing"]
[WhiteTeamCountry "GER"]
[BlackTeamCountry "GER"]

1. e4 e6 2. d3 d5 3. Qe2 Nf6 4. Nf3 Be7 5. g3 0-0 6. Bg2 c5 7. 0-0 Nc6 8. e5 Nd7 9. c4 a6 10. h4 b5 11. b3 Rb8 12. Bf4 bxc4 13. dxc4 dxc4 14. bxc4 Bb7 15. Nc3 Nd4 16. Nxd4 Bxg2 17. Kxg2 cxd4 18. Ne4 Nc5 19. Ng5 Qc7 20. Rad1 Rfd8 21. Qh5 Bxg5 22. hxg5 Rb2 23. Qf3 Rxa2 24. Rh1 Rc2 25. Rh4 Qb7 26. Rdh1 Qxf3+ 27. Kxf3 g6 28. Rxh7 Kf8 29. Rc1 Rb2 30. Rd1 Ke7 31. Rd2 Rb4 32. Rc2 Rb3+ 33. Kg2 a5 34. Ra2 a4 35. Bd2 Rdb8 36. Bc1 Rc3 37. Ba3 Rxc4 38. Bxc5+ Rxc5 39. Rxa4 Rxe5 40. Ra7+ Kd6 41. Rhxf7 Rd8 42. Ra6+ Kd5 43. Ra5+ 1/2-1/2

[Event "Regionalliga SO 1415"]
[Site "Bayern"]
[Date "2014.10.19"]
[Round "1.5"]
[White "Steinheimer, Juergen"]
[Black "Gschwendtner, Klaus"]
[Result "1/2-1/2"]
[WhiteElo "2035"]
[BlackElo "2129"]
[PlyCount "95"]
[EventDate "2014.10.19"]
[EventType "team-tourn"]
[EventRounds "9"]
[EventCountry "GER"]
[SourceTitle "EXT 2018"]
[Source "ChessBase"]
[SourceDate "2017.10.13"]
[SourceVersion "1"]
[SourceVersionDate "2017.10.13"]
[SourceQuality "1"]
[WhiteTeam "Graefelfing"]
[BlackTeam "Starnberger See"]
[WhiteTeamCountry "GER"]
[BlackTeamCountry "GER"]

1. e4 e5 2. Nf3 Nc6 3. Bc4 Nf6 4. d3 Bc5 5. c3 Bb6 6. 0-0 d6 7. Re1 Bg4 8. Nbd2 0-0 9. h3 Be6 10. Bb5 Ne7 11. d4 Ng6 12. Nc4 Bxc4 13. Bxc4 exd4 14. cxd4 d5 15. exd5 Nxd5 16. Qb3 c6 17. Bxd5 Qxd5 18. Qxd5 cxd5 19. Bd2 Rac8 20. Rac1 f6 21. g3 Kf7 22. Kf1 Rfe8 23. Rxe8 Rxe8 24. Bb4 Ne7 25. Re1 Nc6 26. Rxe8 Kxe8 27. Bc3 Kd7 28. Ke2 Ke6 29. Kd3 h5 30. Ne1 Bc7 31. Ng2 g5 32. Ne3 Ne7 33. Ng2 Ng6 34. Bd2 Bd6 35. Be3 Ne7 36. Bd2 Nf5 37. Ne3 Nxe3 38. Bxe3 g4 39. hxg4 hxg4 40. Bd2 f5 41. Bg5 b5 42. Ke3 a5 43. Kd3 a4 44. Ke3 b4 45. b3 axb3 46. axb3 Bc7 47. Bh6 Kf7 48. Bg5 1/2-1/2

[Event "Oberliga Sued W 9697"]
[Site "Germany"]
[Date "1997.??.??"]
[Round "?"]
[White "Steinheimer, Juergen"]
[Black "Biegler, Helmut"]
[Result "1-0"]
[WhiteElo "2210"]
[BlackElo "2040"]
[PlyCount "77"]
[EventDate "1996.10.??"]
[EventType "team"]
[EventRounds "9"]
[EventCountry "GER"]
[SourceTitle "EXT 2000"]
[Source "ChessBase"]
[SourceDate "1999.11.16"]
[SourceVersion "1"]
[SourceVersionDate "1999.11.16"]
[SourceQuality "1"]

1. d4 g6 2. c4 Bg7 3. e4 d6 4. Nc3 Nc6 5. Be3 e5 6. d5 Nce7 7. g4 Nf6 8. f3 h5 9. g5 Nh7 10. Qd2 0-0 11. 0-0-0 b6 12. h4 Re8 13. f4 exf4 14. Bd4 Bxd4 15. Qxd4 Nf8 16. Be2 c6 17. Rf1 Nd7 18. Rxf4 c5 19. Qf2 Ne5 20. Nf3 Ng4 21. Qg3 a6 22. Ne1 Ne5 23. Rhf1 Rf8 24. Nd3 Nxc4 25. Nxc5 dxc5 26. Bxc4 b5 27. Be2 Bd7 28. d6 Nc6 29. Nd5 Be6 30. Rf6 Qa5 31. Ne7+ Nxe7 32. dxe7 Rfe8 33. Rxe6 fxe6 34. Qd6 Qxa2 35. Bd3 Qb3 36. Rf6 c4 37. Qxe6+ Kh8 38. Rxg6 Rxe7 39. Qxe7 1-0

[Event "Wiesbaden op"]
[Site "Wiesbaden"]
[Date "1993.??.??"]
[Round "8"]
[White "Steinheimer, Juergen"]
[Black "Friedrich, Norbert"]
[Result "0-1"]
[WhiteElo "2230"]
[BlackElo "2330"]
[PlyCount "58"]
[EventDate "1993.??.??"]
[EventType "swiss"]
[EventRounds "9"]
[EventCountry "GER"]
[SourceTitle "GER"]
[Source "ChessBase"]
[SourceDate "1999.07.01"]
[SourceVersion "1"]
[SourceVersionDate "1999.07.01"]
[SourceQuality "1"]

1. d4 Nf6 2. Nf3 g6 3. Bg5 Bg7 4. Nbd2 d5 5. c3 0-0 6. e3 Nbd7 7. Bd3 Re8 8. 0-0 e5 9. dxe5 Nxe5 10. Nxe5 Rxe5 11. Nf3 Re8 12. Qa4 h6 13. Bf4 c6 14. h3 Ne4 15. Be2 a5 16. Qc2 a4 17. a3 Qb6 18. Nd4 Bd7 19. Rab1 Qa5 20. Rbd1 b5 21. g4 Rad8 22. f3 Ng5 23. Bxg5 hxg5 24. f4 Rxe3 25. Bd3 Qc7 26. Qg2 gxf4 27. Rf3 Rde8 28. Rdf1 Re1 29. Rxf4 Qxf4 0-1

[Event "St Ingbert op"]
[Site "St Ingbert"]
[Date "1988.??.??"]
[Round "7"]
[White "Kretschmer, Thomas"]
[Black "Steinheimer, Juergen"]
[Result "0-1"]
[WhiteElo "1400"]
[BlackElo "2016"]
[PlyCount "36"]
[EventDate "1988.08.20"]
[EventType "swiss"]
[EventRounds "9"]
[EventCountry "GER"]
[SourceTitle "EXT 2002"]
[Source "ChessBase"]
[SourceDate "2001.11.25"]
[SourceVersion "1"]
[SourceVersionDate "2001.11.25"]
[SourceQuality "1"]

1. e4 e6 2. d4 d5 3. exd5 exd5 4. Bd3 Nc6 5. c3 Bd6 6. Qf3 Nge7 7. Bg5 f6 8. Bh4 Be6 9. Bxf6 0-0 10. Bxe7 Qxe7 11. Qe2 Rae8 12. Nd2 Qg5 13. Ngf3 Qxg2 14. 0-0-0 Bg4 15. Bxh7+ Kxh7 16. Qd3+ Bf5 17. Qb5 Bf4 18. Rhg1 Qxf3 0-1